Ochrana proti počítačovým virům

Gespeichert in:
Bibliographische Detailangaben
1. Verfasser: Čada, Ondřej
Format: Buch
Sprache:Tschechisch
Veröffentlicht: Praha PLUS 1991
Ausgabe:1. vyd.
Schlagworte:
Tags: Tag hinzufügen
Keine Tags, Fügen Sie das erste Tag hinzu!

MARC

LEADER 00000nam a2200000 4500
001 c005639
005 20221214094424.7
020 |a 80-85297-13-2 
041 0 |a cze 
044 |a CZ 
245 1 0 |a Ochrana proti počítačovým virům  |c Ondřej Čada 
250 |a 1. vyd. 
264 1 |a Praha  |b PLUS  |c 1991 
300 |a 155 s. 
610 2 0 |a počítače 
610 2 0 |a technika výpočtová 
610 2 0 |a programy počítačové 
610 2 0 |a programy antivírové 
610 2 0 |a prevencia 
610 2 0 |a SCAN 
610 2 0 |a VIRUSCAN 
100 1 |a Čada, Ondřej